[Event "44. Torneo Villa de Mislata - B"]
[Site "Mislata ESP"]
[Date "2010.08.21"]
[Round "8.2"]
[White "Romero Serrate, Ignacio"]
[Black "Capella Gimenez, Jose M"]
[Result "0-1"]
[WhiteElo "2033"]
[BlackElo "2095"]
[PlyCount "95"]
[EventDate "2010.08.16"]
[EventType "swiss"]
[EventRounds "9"]
[EventCountry "ESP"]
[Source "lmi"]
[SourceDate "2010.08.16"]

1. d4 Nf6 2. c4 g6 3. Nf3 Bg7 4. g3 O-O 5. Bg2 d6 6. O-O Nc6 7. Nc3 a6 8. h3
Rb8 9. e4 b5 10. cxb5 axb5 11. Re1 Na5 12. e5 Ne8 13. g4 Bb7 14. e6 fxe6 15.
Ng5 Bxg2 16. Kxg2 Qd7 17. Nxe6 Rf7 18. Nxg7 Nxg7 19. d5 c6 20. b3 cxd5 21. Qxd5
Qc6 22. Bb2 Rbf8 23. Re2 b4 24. Qxc6 Nxc6 25. Ne4 Ne6 26. Bc1 Ncd4 27. Rb2 Nf3
28. Bh6 Rc8 29. Rc1 Rxc1 30. Bxc1 Ne1+ 31. Kf1 Nd3 32. Rc2 Nd4 33. Rc8+ Kg7 34.
Be3 Ne6 35. Ng5 Nxg5 36. Bxg5 Rxf2+ 37. Kg1 Re2 38. Kf1 Re1+ 39. Kg2 h6 40. Bh4
Re3 41. Rc4 Re2+ 42. Kf3 Rxa2 43. Ke3 g5 44. Bg3 Rg2 45. Kf3 Rb2 46. Ke4 Nc5+
47. Kd5 Rxb3 48. Be1 0-1

[Event "44. Torneo Villa de Mislata - B"]
[Site "Mislata ESP"]
[Date "2010.08.21"]
[Round "8.3"]
[White "Perez Garcia, Jose Miguel"]
[Black "Martinez Piqueras, Carlos"]
[Result "0-1"]
[WhiteElo "1988"]
[BlackElo "2090"]
[PlyCount "84"]
[EventDate "2010.08.16"]
[EventType "swiss"]
[EventRounds "9"]
[EventCountry "ESP"]
[Source "lmi"]
[SourceDate "2010.08.16"]

1. Nf3 Nf6 2. c4 g6 3. Nc3 Bg7 4. e4 d6 5. d4 O-O 6. Be2 Na6 7. O-O e5 8. dxe5
dxe5 9. Qxd8 Rxd8 10. Bg5 Re8 11. Nd2 c6 12. Rfd1 h6 13. Be3 Nd7 14. Na4 f5 15.
f3 Nf6 16. c5 Nc7 17. Bc4+ Be6 18. Bxe6+ Rxe6 19. Nc4 fxe4 20. fxe4 Nxe4 21.
Rd7 Nd5 22. Rxb7 Nef6 23. h3 e4 24. Nc3 Nxc3 25. bxc3 Nd5 26. Bd4 Bxd4+ 27.
cxd4 e3 28. Re1 Re4 29. Ne5 Rxd4 30. Nxc6 Rc4 31. Rb5 a6 32. Rb8+ Rxb8 33. Nxb8
Rxc5 34. Nxa6 Ra5 35. Nb8 Rxa2 36. Nc6 Kg7 37. Kh2 Kf6 38. Rf1+ Ke6 39. Nd4+
Ke5 40. Nf3+ Ke4 41. Kg3 Nf4 42. Nh4 g5 0-1

[Event "44. Torneo Villa de Mislata - B"]
[Site "Mislata ESP"]
[Date "2010.08.21"]
[Round "8.4"]
[White "Orfali, Marcelo-Rafael"]
[Black "Sanchiz Marti, Josep Miquel"]
[Result "1-0"]
[WhiteElo "2036"]
[BlackElo "1993"]
[PlyCount "67"]
[EventDate "2010.08.16"]
[EventType "swiss"]
[EventRounds "9"]
[EventCountry "ESP"]
[Source "lmi"]
[SourceDate "2010.08.16"]

1. e4 g6 2. d4 d6 3. g3 Bg7 4. Bg2 Nf6 5. Ne2 c5 6. dxc5 Qa5+ 7. Nbc3 Qxc5 8.
O-O Nc6 9. h3 Be6 10. a3 Rc8 11. Be3 Qa5 12. f4 O-O 13. g4 Nd7 14. e5 Rfd8 15.
b4 Qc7 16. f5 Bc4 17. f6 exf6 18. exd6 Qb8 19. Bd5 Nce5 20. Ne4 Re8 21. Rf2
Rcd8 22. N2g3 Bxd5 23. Qxd5 Re6 24. Rd1 b6 25. c4 Qc8 26. c5 bxc5 27. bxc5 Nc6
28. Bc1 Rde8 29. Bb2 Qa6 30. Rdf1 Qb5 31. a4 Qxa4 32. Ng5 Nb4 33. Qc4 fxg5 34.
Bxg7 1-0

[Event "44. Torneo Villa de Mislata - B"]
[Site "Mislata ESP"]
[Date "2010.08.21"]
[Round "8.5"]
[White "Leon Colan, Carlos Edmundo"]
[Black "Gomez Benitez, David"]
[Result "0-1"]
[WhiteElo "1926"]
[BlackElo "2083"]
[PlyCount "88"]
[EventDate "2010.08.16"]
[EventType "swiss"]
[EventRounds "9"]
[EventCountry "ESP"]
[Source "lmi"]
[SourceDate "2010.08.16"]

1. d4 g6 2. e4 Bg7 3. Nf3 d6 4. Bd3 c6 5. c3 Nd7 6. Be3 Ngf6 7. h3 e5 8. Na3
O-O 9. dxe5 dxe5 10. Qc2 Qe7 11. Nc4 b6 12. Ncd2 Bb7 13. g4 Nc5 14. Be2 Nfd7
15. b4 Ne6 16. Rd1 Nf4 17. Bf1 c5 18. b5 a6 19. a4 axb5 20. Bxb5 Ng2+ 21. Ke2
Nxe3 22. fxe3 Nf6 23. g5 Nh5 24. Nf1 Rad8 25. Rh2 Rxd1 26. Kxd1 f5 27. gxf6
Nxf6 28. N1d2 Nxe4 29. Kc1 Nd6 30. Be2 Bh6 31. Qb3+ Kh8 32. Qxb6 Bxe3 33. Kc2
e4 34. Nh4 Bg5 35. Nxg6+ hxg6 36. Nb3 Bf6 37. Rf2 e3 38. Rxf6 Rxf6 39. Qxc5 Rf2
40. Nc1 Bf3 41. Qd4+ Kh7 42. Qd1 Qe4+ 43. Kb3 Qb1+ 44. Ka3 Nc4+ 0-1

[Event "44. Torneo Villa de Mislata - B"]
[Site "Mislata ESP"]
[Date "2010.08.21"]
[Round "8.6"]
[White "Segarra Martinez, Axel"]
[Black "Zurita Garcia, Marcel"]
[Result "1-0"]
[WhiteElo "1956"]
[BlackElo "1767"]
[PlyCount "63"]
[EventDate "2010.08.16"]
[EventType "swiss"]
[EventRounds "9"]
[EventCountry "ESP"]
[Source "lmi"]
[SourceDate "2010.08.16"]

1. e4 c5 2. Nf3 d6 3. d4 cxd4 4. Nxd4 Nf6 5. Nc3 g6 6. Be3 Bg7 7. Bc4 O-O 8. f3
Bd7 9. Qd2 Nc6 10. O-O-O Qa5 11. Kb1 Rfc8 12. Bb3 Ne5 13. g4 b5 14. h4 Nc4 15.
Bxc4 bxc4 16. h5 Rab8 17. Ka1 e5 18. Nde2 Rc6 19. Bh6 Bh8 20. Nd5 Qd8 21. hxg6
fxg6 22. Bg5 Be6 23. Nec3 Qf8 24. Rh3 Rb7 25. Rdh1 Qf7 26. Bxf6 Bxf6 27. Rxh7
Bg7 28. Qg5 Bxd5 29. Nxd5 Qe8 30. Qh4 Kf7 31. Qf6+ Kg8 32. Rh8+ 1-0

[Event "44. Torneo Villa de Mislata - B"]
[Site "Mislata ESP"]
[Date "2010.08.21"]
[Round "8.7"]
[White "Aguilar Guillamont, Jesus"]
[Black "Remolar Gallen, Jose"]
[Result "0-1"]
[WhiteElo "1943"]
[BlackElo "1983"]
[PlyCount "79"]
[EventDate "2010.08.16"]
[EventType "swiss"]
[EventRounds "9"]
[EventCountry "ESP"]
[Source "lmi"]
[SourceDate "2010.08.16"]

1. c4 e5 2. Nc3 Nc6 3. g3 g6 4. Bg2 Bg7 5. d3 d6 6. e4 h5 7. h3 Nh6 8. Be3 O-O
9. Qd2 Kh7 10. Nf3 f6 11. g4 Nf7 12. gxh5 gxh5 13. Qe2 f5 14. exf5 Bxf5 15. Nd2
Bh6 16. O-O-O Nd4 17. Qxh5 Bxd3 18. Bxh6 Nxh6 19. Nde4 Rf5 20. Qxf5+ Nhxf5 21.
Rxd3 Kh6 22. Nd5 c6 23. Ndf6 d5 24. cxd5 cxd5 25. Ng4+ Kg7 26. Nef6 Qc8+ 27.
Rc3 Ne2+ 28. Kd2 Nxc3 29. bxc3 Qc4 30. Bxd5 Rd8 31. Rg1 Qxa2+ 32. Kd3 Rxd5+ 33.
Nxd5 Qxd5+ 34. Kc2 Kf7 35. Rd1 Qa2+ 36. Kc1 Nd6 37. Nxe5+ Ke6 38. Nd3 Nb5 39.
Nb2 Nxc3 40. Rd2 0-1

[Event "44. Torneo Villa de Mislata - B"]
[Site "Mislata ESP"]
[Date "2010.08.21"]
[Round "8.8"]
[White "Echeverria, Nestor"]
[Black "Miquel Badenes, Indalecio"]
[Result "1-0"]
[WhiteElo "2055"]
[BlackElo "1922"]
[PlyCount "75"]
[EventDate "2010.08.16"]
[EventType "swiss"]
[EventRounds "9"]
[EventCountry "ESP"]
[Source "lmi"]
[SourceDate "2010.08.16"]

1. d4 d5 2. Nf3 Nf6 3. Bf4 e6 4. Nbd2 Bd6 5. e3 O-O 6. Bd3 c5 7. c3 Nc6 8. dxc5
Bxc5 9. O-O Re8 10. e4 e5 11. Bg3 d4 12. cxd4 Bxd4 13. Bc4 Bg4 14. Re1 Qe7 15.
Qa4 a6 16. Bd5 b5 17. Qc2 Nb4 18. Qb3 Nbxd5 19. exd5 Qc5 20. Nxe5 Bxe5 21. Rxe5
Rxe5 22. Bxe5 Qxd5 23. Bxf6 Qxd2 24. Bxg7 Kxg7 25. Qg3 Qxb2 26. Qxg4+ Kh8 27.
Rd1 Qxa2 28. Qd4+ Kg8 29. h4 Qe6 30. Rd3 Rc8 31. Rg3+ Kf8 32. Qg7+ Ke7 33. Re3
Rc6 34. Rxe6+ Rxe6 35. Qxh7 b4 36. Qc2 Re5 37. Qc7+ Kf6 38. Qd6+ 1-0

[Event "44. Torneo Villa de Mislata - B"]
[Site "Mislata ESP"]
[Date "2010.08.21"]
[Round "8.9"]
[White "Diaz Benitez, Ricardo"]
[Black "Rasskin Friederichs, Ivan"]
[Result "1/2-1/2"]
[WhiteElo "2051"]
[BlackElo "1905"]
[PlyCount "48"]
[EventDate "2010.08.16"]
[EventType "swiss"]
[EventRounds "9"]
[EventCountry "ESP"]
[Source "lmi"]
[SourceDate "2010.08.16"]

1. d4 Nf6 2. Nf3 g6 3. Bf4 Bg7 4. e3 O-O 5. Be2 d6 6. O-O b6 7. h3 Bb7 8. Nbd2
Nbd7 9. c3 h6 10. a4 a5 11. Re1 g5 12. Bg3 Nh7 13. Bd3 f5 14. Qc2 e6 15. Bh2
Qf6 16. e4 g4 17. e5 dxe5 18. dxe5 Qg6 19. hxg4 Qxg4 20. Bf1 Nc5 21. Nd4 Ng5
22. f3 Nh3+ 23. Kh1 Nf2+ 24. Kg1 Nh3+ 1/2-1/2

[Event "44. Torneo Villa de Mislata - B"]
[Site "Mislata ESP"]
[Date "2010.08.21"]
[Round "8.10"]
[White "Llamazares Lopez, Marcos"]
[Black "Tormos Beltran, Xavier"]
[Result "1-0"]
[WhiteElo "1923"]
[BlackElo "1967"]
[PlyCount "56"]
[EventDate "2010.08.16"]
[EventType "swiss"]
[EventRounds "9"]
[EventCountry "ESP"]
[Source "lmi"]
[SourceDate "2010.08.16"]

1. Nf3 d5 2. d4 Nf6 3. e3 Bg4 4. Be2 e6 5. Nbd2 c5 6. c3 Nbd7 7. h3 Bh5 8. O-O
a6 9. Ne5 Bxe2 10. Qxe2 cxd4 11. exd4 Be7 12. Ndf3 O-O 13. Bf4 Ne4 14. c4 Nef6
15. c5 Nxe5 16. Nxe5 Nd7 17. Rfc1 Rc8 18. b4 Bf6 19. a4 Bxe5 20. Bxe5 f6 21.
Bd6 Re8 22. f4 e5 23. fxe5 fxe5 24. dxe5 Qh4 25. Qd2 d4 26. Re1 d3 27. Qxd3
Qxb4 28. Re4 Nxc5 1-0

[Event "44. Torneo Villa de Mislata - B"]
[Site "Mislata ESP"]
[Date "2010.08.22"]
[Round "9.1"]
[White "Capella Gimenez, Jose M"]
[Black "Olaru, Daniel"]
[Result "0-1"]
[WhiteElo "2095"]
[BlackElo "2067"]
[PlyCount "70"]
[EventDate "2010.08.16"]
[EventType "swiss"]
[EventRounds "9"]
[EventCountry "ESP"]
[Source "lmi"]
[SourceDate "2010.08.16"]

1. d4 g6 2. c4 Bg7 3. Nc3 d6 4. e4 a6 5. Be3 Nd7 6. g4 c5 7. Nge2 e6 8. h4 h5
9. g5 Qc7 10. Ng3 Ne7 11. Qd2 Nc6 12. Nge2 O-O 13. f4 Rd8 14. f5 Nb6 15. f6
Nxc4 16. Qd3 Nxe3 17. Qxe3 cxd4 18. Nxd4 Nxd4 19. Qxd4 Bf8 20. Be2 d5 21. O-O-O
e5 22. Qd2 Be6 23. Kb1 dxe4 24. Qe3 Bc5 25. Qg3 Bd4 26. Rc1 Qa5 27. a3 Rac8 28.
Bxh5 Bxc3 29. Bxg6 fxg6 30. h5 Qd5 31. Rxc3 Rxc3 32. Qxc3 Qa2+ 33. Kc1 Qa1+ 34.
Kc2 Qxh1 35. f7+ Bxf7 0-1

[Event "44. Torneo Villa de Mislata - B"]
[Site "Mislata ESP"]
[Date "2010.08.22"]
[Round "9.2"]
[White "Martinez Villena, David"]
[Black "Orfali, Marcelo-Rafael"]
[Result "0-1"]
[WhiteElo "1971"]
[BlackElo "2036"]
[PlyCount "119"]
[EventDate "2010.08.16"]
[EventType "swiss"]
[EventRounds "9"]
[EventCountry "ESP"]
[Source "lmi"]
[SourceDate "2010.08.16"]

1. e4 d5 2. exd5 Qxd5 3. Nc3 Qd8 4. d4 Nf6 5. Bd3 Bg4 6. f3 Bh5 7. Nge2 c6 8.
Bf4 Nbd7 9. Qd2 a5 10. O-O e6 11. a3 Be7 12. Bg3 Bg6 13. Ne4 Nb6 14. Rad1 O-O
15. Kh1 Nbd7 16. Nxf6+ Nxf6 17. Bxg6 hxg6 18. c3 Qb6 19. b4 axb4 20. axb4 Ra4
21. Ra1 Rfa8 22. Rxa4 Rxa4 23. Nf4 Qa6 24. Qd3 Qa7 25. Rc1 Ra3 26. Qd1 g5 27.
Nd3 Nd5 28. Qd2 Ra2 29. Rc2 Ra1+ 30. Rc1 Ra3 31. h3 Ra2 32. Rc2 Ra1+ 33. Rc1
Qa3 34. Be1 Qa6 35. Rxa1 Qxa1 36. Kg1 Qb1 37. Kf2 Bd6 38. g3 Ne7 39. Ke2 Qb3
40. Qxg5 Qc4 41. Qd2 e5 42. dxe5 Bxe5 43. Kf2 Bc7 44. Kg2 Bb6 45. Bf2 Bc7 46.
Nc5 b6 47. Ne4 Nd5 48. Bd4 f6 49. h4 Ne7 50. h5 Nf5 51. g4 Nxd4 52. Qxd4 Qe2+
53. Qf2 Qb5 54. h6 Be5 55. hxg7 Kxg7 56. Qd2 Qd5 57. Qe2 Qb3 58. g5 Bxc3 59.
Qd3 Qa2+ 60. Nf2 0-1

[Event "44. Torneo Villa de Mislata - B"]
[Site "Mislata ESP"]
[Date "2010.08.22"]
[Round "9.3"]
[White "Martinez Piqueras, Carlos"]
[Black "Segarra Martinez, Axel"]
[Result "0-1"]
[WhiteElo "2090"]
[BlackElo "1956"]
[PlyCount "104"]
[EventDate "2010.08.16"]
[EventType "swiss"]
[EventRounds "9"]
[EventCountry "ESP"]
[Source "lmi"]
[SourceDate "2010.08.16"]

1. e4 e6 2. d4 d5 3. Nd2 Nf6 4. e5 Nfd7 5. Bd3 c5 6. c3 Nc6 7. Ne2 cxd4 8. cxd4
f6 9. exf6 Qxf6 10. Nf3 h6 11. O-O Bd6 12. Be3 O-O 13. Qd2 e5 14. dxe5 Ndxe5
15. Nxe5 Bxe5 16. Bb5 Be6 17. Bxc6 bxc6 18. Bd4 Rac8 19. b4 a5 20. a3 axb4 21.
axb4 Rc7 22. Rfe1 Bd7 23. Bxe5 Qxe5 24. Rac1 Rb7 25. Nd4 Qf4 26. Qxf4 Rxf4 27.
Nxc6 Bxc6 28. Rxc6 Rbxb4 29. Rc2 Rf6 30. Rd1 Rd6 31. f3 Kf7 32. Rcd2 Ke6 33.
Kf2 d4 34. f4 Kd5 35. Re1 Rb3 36. Re8 Rb4 37. Kf3 Kc4 38. Rc8+ Kb3 39. Ke4 d3+
40. Ke3 Rc4 41. Rb8+ Kc3 42. Rbb2 Re6+ 43. Kf3 Rf6 44. g3 g5 45. Ra2 gxf4 46.
g4 Re6 47. Rd1 Re3+ 48. Kf2 Kb3 49. Ra8 Kc2 50. Raa1 d2 51. Rg1 Rd4 52. Rad1
Rde4 0-1

[Event "44. Torneo Villa de Mislata - B"]
[Site "Mislata ESP"]
[Date "2010.08.22"]
[Round "9.4"]
[White "Gomez Benitez, David"]
[Black "Echeverria, Nestor"]
[Result "0-1"]
[WhiteElo "2083"]
[BlackElo "2055"]
[PlyCount "81"]
[EventDate "2010.08.16"]
[EventType "swiss"]
[EventRounds "9"]
[EventCountry "ESP"]
[Source "lmi"]
[SourceDate "2010.08.16"]

1. e4 d6 2. d4 Nf6 3. Nc3 e5 4. Nge2 exd4 5. Nxd4 Be7 6. Be2 O-O 7. Be3 Re8 8.
O-O Nbd7 9. f4 Bf8 10. Bf3 Nc5 11. e5 Nfd7 12. Bd5 c6 13. Bc4 dxe5 14. Qh5 Qe7
15. Nf5 Qf6 16. fxe5 Rxe5 17. Bxf7+ Kh8 18. Bd4 Rxf5 19. Bxf6 Rxh5 20. Bxg7+
Bxg7 21. Bxh5 Bd4+ 22. Kh1 Nf6 23. Bf3 Ng4 24. Nd1 Bd7 25. Bxg4 Bxg4 26. c3 Bg7
27. Nf2 Be6 28. Rfe1 Rf8 29. Kg1 Bd5 30. Rad1 b5 31. Re7 Bf6 32. Rxa7 Re8 33.
b4 Na4 34. c4 Bxc4 35. Ng4 Bd8 36. Rb7 h5 37. Nh6 Bb6+ 38. Kh1 Nc3 39. Ra1 Be3
40. Re1 Rf8 41. g4 0-1

[Event "44. Torneo Villa de Mislata - B"]
[Site "Mislata ESP"]
[Date "2010.08.22"]
[Round "9.5"]
[White "Remolar Gallen, Jose"]
[Black "Romero Serrate, Ignacio"]
[Result "1/2-1/2"]
[WhiteElo "1983"]
[BlackElo "2033"]
[PlyCount "55"]
[EventDate "2010.08.16"]
[EventType "swiss"]
[EventRounds "9"]
[EventCountry "ESP"]
[Source "lmi"]
[SourceDate "2010.08.16"]

1. g3 d5 2. Bg2 c6 3. Nf3 Nf6 4. O-O Bf5 5. d3 h6 6. Nbd2 e6 7. Re1 d4 8. c3
dxc3 9. bxc3 Be7 10. Rb1 Qc7 11. Qb3 b6 12. Nd4 O-O 13. Nc4 Bh7 14. Bf4 Qc8 15.
Ne5 Nd5 16. c4 Nxf4 17. gxf4 Bc5 18. Ndxc6 Nxc6 19. Bxc6 Rb8 20. Qa4 Qc7 21.
Nd7 Qxf4 22. Nxb8 Qxf2+ 23. Kh1 Bd6 24. Bg2 Qh4 25. h3 Qg3 26. Kg1 Bxb8 27. Qc6
Qe3+ 28. Kh1 1/2-1/2

[Event "44. Torneo Villa de Mislata - B"]
[Site "Mislata ESP"]
[Date "2010.08.22"]
[Round "9.6"]
[White "Sanchiz Marti, Josep Miquel"]
[Black "Perez Garcia, Jose Miguel"]
[Result "0-1"]
[WhiteElo "1993"]
[BlackElo "1988"]
[PlyCount "74"]
[EventDate "2010.08.16"]
[EventType "swiss"]
[EventRounds "9"]
[EventCountry "ESP"]
[Source "lmi"]
[SourceDate "2010.08.16"]

1. g3 Nf6 2. Nf3 b6 3. Bg2 Bb7 4. O-O e6 5. d3 c5 6. Nbd2 d6 7. e4 Nbd7 8. Re1
Qc7 9. Qe2 Be7 10. Nf1 O-O 11. Bd2 Rac8 12. h4 Rfd8 13. N1h2 Qb8 14. g4 Nf8 15.
g5 N6d7 16. Ng4 Ne5 17. Nfxe5 dxe5 18. h5 Qa8 19. Nxe5 c4 20. Qf3 f6 21. gxf6
Bxf6 22. Bc3 cxd3 23. cxd3 Rxc3 24. bxc3 Bxe5 25. d4 Bf6 26. Qg4 h6 27. Re3 e5
28. f4 exf4 29. Re2 Qc8 30. Qf3 Rxd4 31. Kh1 Rc4 32. Qxf4 Rxc3 33. Rae1 Rc4 34.
Bf3 Qh3+ 35. Rh2 Qe6 36. Rg2 Be5 37. Qd2 Qh3+ 0-1

[Event "44. Torneo Villa de Mislata - B"]
[Site "Mislata ESP"]
[Date "2010.08.22"]
[Round "9.7"]
[White "Barry Bertomeu, Enrique"]
[Black "Llamazares Lopez, Marcos"]
[Result "0-1"]
[WhiteElo "1961"]
[BlackElo "1923"]
[PlyCount "118"]
[EventDate "2010.08.16"]
[EventType "swiss"]
[EventRounds "9"]
[EventCountry "ESP"]
[Source "lmi"]
[SourceDate "2010.08.16"]

1. e4 c5 2. Nf3 Nc6 3. d4 cxd4 4. Nxd4 g6 5. c4 Bg7 6. Be3 Nf6 7. Nc3 O-O 8.
Be2 d6 9. O-O Bd7 10. Rc1 Nxd4 11. Bxd4 Bc6 12. Bf3 a5 13. Qd2 Nd7 14. Bxg7
Kxg7 15. Rfd1 Qb6 16. Nd5 Bxd5 17. exd5 Ne5 18. Be2 f5 19. Qd4 Qxd4 20. Rxd4
Rfc8 21. f4 Nd7 22. b3 Nc5 23. Re1 Kf6 24. Bf3 Ra6 25. Rd2 Rb6 26. g4 a4 27.
g5+ Kf7 28. Bd1 axb3 29. axb3 Rb4 30. Ra2 Nd3 31. Rf1 b5 32. Rf3 bxc4 33. bxc4
Nb2 34. Be2 Nxc4 35. Rc3 Nb6 36. Rc6 Rb8 37. Ra7 Ke8 38. Bf3 Rxf4 39. Kg2 Rc4
40. Kg3 Rc5 41. h4 Nd7 42. Rcc7 Rxc7 43. Rxc7 Ne5 44. Bd1 Rb1 45. Ba4+ Kf7 46.
Rc8 Rg1+ 47. Kf2 Rg4 48. Be8+ Kg7 49. Rc7 Rxh4 50. Rxe7+ Kf8 51. Re6 Re4 52.
Kg3 Rg4+ 53. Kf2 Rxg5 54. Bb5 Nf7 55. Re8+ Kg7 56. Re7 f4 57. Bd7 Rxd5 58. Be6
Kf6 59. Bxf7 Rd2+ 0-1

[Event "44. Torneo Villa de Mislata - B"]
[Site "Mislata ESP"]
[Date "2010.08.22"]
[Round "9.9"]
[White "Zurita Garcia, Marcel"]
[Black "Aguilar Guillamont, Jesus"]
[Result "1/2-1/2"]
[WhiteElo "1767"]
[BlackElo "1943"]
[PlyCount "78"]
[EventDate "2010.08.16"]
[EventType "swiss"]
[EventRounds "9"]
[EventCountry "ESP"]
[Source "lmi"]
[SourceDate "2010.08.16"]

1. e4 e5 2. Nf3 Nf6 3. Nxe5 d6 4. Nf3 Nxe4 5. Qe2 Qe7 6. d3 Nf6 7. Bg5 Qxe2+ 8.
Bxe2 Be7 9. Nc3 c6 10. O-O-O h6 11. Bh4 O-O 12. Rdg1 Bg4 13. h3 Bxf3 14. Bxf3
Nbd7 15. g4 Ne5 16. Bd1 Ng6 17. Bg3 Nh7 18. h4 f6 19. Ne4 Rad8 20. f4 Rfe8 21.
f5 Ne5 22. Bf4 d5 23. Nf2 Bc5 24. Rg2 Nf7 25. Nh3 Be3+ 26. Bxe3 Rxe3 27. Nf4
Rde8 28. Kd2 R3e7 29. b4 d4 30. Ne6 Rd7 31. Bf3 Nf8 32. Nc5 Ne5 33. Bd1 Rde7
34. Ne4 Nf7 35. g5 hxg5 36. hxg5 Nxg5 37. Nxg5 fxg5 38. Rgh2 Kf7 39. Rg1 Kf6
1/2-1/2

[Event "44. Torneo Villa de Mislata - B"]
[Site "Mislata ESP"]
[Date "2010.08.22"]
[Round "9.10"]
[White "Rasskin Friederichs, Ivan"]
[Black "Moya Sapena, Juan"]
[Result "1/2-1/2"]
[WhiteElo "1905"]
[BlackElo "1938"]
[PlyCount "137"]
[EventDate "2010.08.16"]
[EventType "swiss"]
[EventRounds "9"]
[EventCountry "ESP"]
[Source "lmi"]
[SourceDate "2010.08.16"]

1. e4 d6 2. Nc3 Nf6 3. g3 e5 4. Bg2 c6 5. Nge2 Nbd7 6. O-O Be7 7. h3 b6 8. f4
Bb7 9. d4 Qc7 10. Be3 a6 11. a4 O-O 12. g4 Rad8 13. Ng3 c5 14. dxe5 dxe5 15. f5
Kh8 16. g5 Ng8 17. Qh5 c4 18. f6 gxf6 19. Nd5 Bxd5 20. exd5 fxg5 21. Nf5 Bc5
22. Qxg5 Bxe3+ 23. Nxe3 f6 24. Qh5 Ne7 25. Kh1 Nc5 26. Rad1 b5 27. axb5 axb5
28. Qh6 Ng8 29. Qh4 Qg7 30. Nf5 Qg5 31. Qf2 Nd7 32. Be4 Nh6 33. Rg1 Qh5 34. Kh2
Rg8 35. Nxh6 Qxh6 36. Qf5 Nc5 37. Bf3 Rg5 38. Rxg5 Qxg5 39. Qxg5 fxg5 40. d6
Kg7 41. Rd5 Ne6 42. Rxb5 Rxd6 43. Rxe5 Kf6 44. Re4 Rd4 45. Rxd4 Nxd4 46. Be4 h6
47. Bd5 Nxc2 48. Bxc4 Ke5 49. Kg3 Ke4 50. Bf7 Kf5 51. Bg8 Kg6 52. Bc4 Kf6 53.
Bd3 Nb4 54. Be4 Ke5 55. Bg6 Kf6 56. Be8 Nc2 57. Kf3 Ke5 58. Kg4 Kf6 59. Kh5 Kg7
60. Kg4 Kf6 61. Kh5 Kg7 62. Bd7 Nb4 63. Kg4 Kf6 64. Kf3 Ke5 65. Be8 Nc2 66. Bg6
Nb4 67. Be8 Nc2 68. Bg6 Nb4 69. Be8 1/2-1/2

[Event "44. Torneo Villa de Mislata - B"]
[Site "Mislata ESP"]
[Date "2010.08.22"]
[Round "9.11"]
[White "Bravo Segura, Francisco Javier"]
[Black "Leon Colan, Carlos Edmundo"]
[Result "1/2-1/2"]
[WhiteElo "1937"]
[BlackElo "1926"]
[PlyCount "63"]
[EventDate "2010.08.16"]
[EventType "swiss"]
[EventRounds "9"]
[EventCountry "ESP"]
[Source "lmi"]
[SourceDate "2010.08.16"]

1. d4 d5 2. c4 c6 3. Nf3 e6 4. g3 dxc4 5. Qc2 b5 6. Bg2 Bb4+ 7. Bd2 Bxd2+ 8.
Nbxd2 Ne7 9. b3 cxb3 10. Nxb3 a6 11. Ne5 Bb7 12. e3 O-O 13. Nc5 Qa5+ 14. Ke2
Ra7 15. Rhc1 Ba8 16. Be4 g6 17. h4 f5 18. Bg2 Rf6 19. Qb3 Nd5 20. a3 Qb6 21.
Ra2 a5 22. Rac2 Kg7 23. Bf3 h5 24. Bg2 Re7 25. Bf3 Rf8 26. Bg2 Qd8 27. Rh1 Rfe8
28. Bf3 Ra7 29. Rhc1 Qb6 30. Bg2 Rae7 31. Bf3 Rh8 32. Rh1 1/2-1/2

[Event "44. Torneo Villa de Mislata - B"]
[Site "Mislata ESP"]
[Date "2010.08.22"]
[Round "9.12"]
[White "Garcia Martinez, Cesar"]
[Black "Miquel Badenes, Indalecio"]
[Result "0-1"]
[WhiteElo "2035"]
[BlackElo "1922"]
[PlyCount "50"]
[EventDate "2010.08.16"]
[EventType "swiss"]
[EventRounds "9"]
[EventCountry "ESP"]
[Source "lmi"]
[SourceDate "2010.08.16"]

1. e4 c5 2. Nf3 d6 3. d4 cxd4 4. Nxd4 Nf6 5. Nc3 a6 6. Be2 Nc6 7. Be3 d5 8.
exd5 Nxd5 9. Nxd5 Qxd5 10. Bf3 Qa5+ 11. c3 Nxd4 12. Qxd4 e5 13. Qc4 Bd6 14.
O-O-O Qc7 15. Qd5 Be7 16. h4 O-O 17. Bg5 Re8 18. Rhe1 Be6 19. Qxe5 Qxe5 20.
Rxe5 Bxg5+ 21. hxg5 Bxa2 22. Rxe8+ Rxe8 23. Bxb7 Bb3 24. Bc6 Rb8 25. Bd5 Bxd1
0-1